00674nam a2200181 a 4500008004100000020001500041050001500056100002300071245006200094260002700156300001700183350000900200650001300209650002700222995009500249999001700344952013100361120416s1994 ||||||||||||||||| || u a8487406068 aJC 336 Vio aRamirez, J. Martin10aViolence : some alternativescedited by J. Martin Ramirez aMadridbCentreurc1994 a184p. : ill. a0.00 aPOLITICS aVIOLENCE--CASE STUDIES D0.00FCBU-MAIN LIBRARY (Kitwe)H1I0.00M1UAVAILABLEZMain Library Open Access Collection c61321d61321 00102lcc4070a001b001cMain Library Open Access Collectiond2022-11-30l0oJC 336 Viop021627r2022-11-30w2022-11-30y002